<?xml version="1.0" encoding="UTF-8"?><?xml-stylesheet type="text/xsl" href="static/style.xsl"?><OAI-PMH xmlns="http://www.openarchives.org/OAI/2.0/" xmlns:xsi="http://www.w3.org/2001/XMLSchema-instance" xsi:schemaLocation="http://www.openarchives.org/OAI/2.0/ http://www.openarchives.org/OAI/2.0/OAI-PMH.xsd"><responseDate>2026-04-28T19:35:40Z</responseDate><request verb="GetRecord" identifier="oai:uvadoc.uva.es:10324/1865" metadataPrefix="marc">https://uvadoc.uva.es/oai/request</request><GetRecord><record><header><identifier>oai:uvadoc.uva.es:10324/1865</identifier><datestamp>2021-06-29T09:27:27Z</datestamp><setSpec>com_10324_38</setSpec><setSpec>col_10324_852</setSpec></header><metadata><record xmlns="http://www.loc.gov/MARC21/slim" xmlns:doc="http://www.lyncode.com/xoai" xmlns:xsi="http://www.w3.org/2001/XMLSchema-instance" xmlns:dcterms="http://purl.org/dc/terms/" xsi:schemaLocation="http://www.loc.gov/MARC21/slim http://www.loc.gov/standards/marcxml/schema/MARC21slim.xsd">
<leader>00925njm 22002777a 4500</leader>
<datafield tag="042" ind1=" " ind2=" ">
<subfield code="a">dc</subfield>
</datafield>
<datafield tag="720" ind1=" " ind2=" ">
<subfield code="a">Calvo Vicario, Antonio</subfield>
<subfield code="e">author</subfield>
</datafield>
<datafield tag="260" ind1=" " ind2=" ">
<subfield code="c">2012</subfield>
</datafield>
<datafield tag="520" ind1=" " ind2=" ">
<subfield code="a">Durante los últimos años, la sociedad española ha experimentado profundos&#xd;
cambios estructurales que se manifiestan en determinados aspectos de la vida&#xd;
social y tienen importantes consecuencias en los modos de vida de la&#xd;
población. Toda esta serie de transformaciones sociales y demográficas tienen&#xd;
una incidencia directa en el estilo de vida de las familias y supone el&#xd;
surgimiento de nuevas inquietudes que redefinen unas nuevas dimensiones de&#xd;
la vida cotidiana de la población como son el tiempo libre, la calidad de vida o&#xd;
la solidaridad intergeneracional. En este entorno se ha producido en los últimos&#xd;
años la eclosión de las entidades privadas no lucrativas que dedican su&#xd;
actividad a la provisión de bienes y servicios en situaciones carenciales o&#xd;
estados de necesidad. Éste Trabajo Fin de Grado se realiza fijando como&#xd;
objetivo el conocimiento de las características del Tercer Sector y cómo&#xd;
contribuyen a la generación de empleo en España</subfield>
</datafield>
<datafield tag="024" ind2=" " ind1="8">
<subfield code="a">http://uvadoc.uva.es/handle/10324/1865</subfield>
</datafield>
<datafield ind1=" " ind2=" " tag="653">
<subfield code="a">Economía social</subfield>
</datafield>
<datafield tag="245" ind1="0" ind2="0">
<subfield code="a">Tercer Sector y Empleo</subfield>
</datafield>
</record></metadata></record></GetRecord></OAI-PMH>